Statistics for Formula 2 Drivers 2020

Click here to take the quiz!

General Stats

  • This quiz has been taken 71 times
  • The average score is 12 of 22

Answer Stats

TeamCountryDriver% Correct
Prema RacingGERMick Schumacher
86%
Uni-Virtuosi RacingCHNGuanyu Zhou
84%
CarlinJPNYuki Tsunoda
80%
DamsESTJüri Vips
71%
Hitech Grand PrixRUSNikita Mazepin
71%
ART Grand PrixDENChristian Lundgaard
63%
CarlinINDJehan Daruvala
61%
ART Grand PrixAUSMarcus Armstrong
61%
Prema RacingRUSRobert Shwartzman
57%
MP MotorsportBRAFelipe Drugovich
55%
TridentISRRoy Nissany
55%
Uni-Virtuosi RacingGBRCallum Ilott
49%
Hitech Grand PrixITALuca Ghiotto
47%
DamsGBRDan Ticktum
43%
MP MotorsportFRAGiuliano Alesi
43%
TridentJPNMarino Sato
41%
Charouz Racing SystemSUILouis Delétraz
39%
BWT HWA RacelabRUSArtem Markelov
37%
Campos RacingGBRJack Aitken
37%
Campos RacingBRAGuilherme Samaia
35%
Charouz Racing SystemBRAPedro Piquet
29%
BWT HWA RacelabGBRJake Hughes
25%

Score Distribution

Percentile by Number Answered

Percent of People with Each Score

Your Score History

You have not taken this quiz